| 000 -CABECERA |
| fixed length control field |
01119nam a22002537i 4500 |
| 003 - IDENTIFICADOR DEL NÚMERO DE CONTROL |
| control field |
AR-CdUCM |
| 008 - DATOS DE LONGITUD FIJA--INFORMACIÓN GENERAL |
| fixed length control field |
240419b20132013pe ||||| |||| 00| 0 spa d |
| 040 ## - FUENTE DE LA CATALOGACIÓN |
| Agencia/entidad que catalogó originalmente la obra |
MUNICIPALIDAD PROVINCIAL DEL CUSCO |
| Entidad que transcribió la catalogación |
BIBLIOTECA MUNICIPAL DEL CUSCO |
| 082 ## - NÚMERO DE LA CLASIFICACIÓN DECIMAL DEWEY |
| No. de Clasificación |
353.422 / HEI |
| Notacion interna |
HEI |
| 100 ## - ENTRADA PRINCIPAL--NOMBRE DE PERSONA |
| Nombre Personal |
Ministerio de Educación |
| 245 ## - MENCIÓN DE TÍTULO |
| Título |
Hacia una Educación Intercultural Bilingüe de calidad : |
| Resto del título |
Propuesta Pedagógica / |
| 260 ## - PUBLICACIÓN, DISTRIBUCIÓN, ETC. |
| Lugar de publicación, distribución, etc. |
Lima : |
| Fecha de publicación, distribución, etc. |
2013 |
| 300 ## - DESCRIPCIÓN FÍSICA |
| Nº de Páginas Extensión |
148 Páginas. : |
| Dimensiones |
20.5 cm. |
| 500 ## - NOTA GENERAL |
| Bibliografía |
Bibliografía: páginas 109-117 |
| 505 ## - NOTA DE CONTENIDO CON FORMATO |
| Nota de contenido formateada |
Propuesta Pedagógica -- Diversidad e identidad -- Enfoques pedagógicos -- La escuela intercultural bilingüe que queremos |
| 650 ## - PUNTO DE ACCESO ADICIONAL DE MATERIA--TÉRMINO DE MATERIA |
| Descriptor |
Del país que somos al país que queremos |
| 9 (RLIN) |
49586 |
| 650 ## - PUNTO DE ACCESO ADICIONAL DE MATERIA--TÉRMINO DE MATERIA |
| Descriptor |
Los enfoques de los que partimos |
| 9 (RLIN) |
49587 |
| 650 ## - PUNTO DE ACCESO ADICIONAL DE MATERIA--TÉRMINO DE MATERIA |
| Descriptor |
La escuela intercultural bilingüe que queremos |
| 9 (RLIN) |
49588 |
| 650 ## - PUNTO DE ACCESO ADICIONAL DE MATERIA--TÉRMINO DE MATERIA |
| Descriptor |
Cómo organizamos y planificamos nuestro trabajo en esta escuela EIB |
| 9 (RLIN) |
49589 |
| 650 ## - PUNTO DE ACCESO ADICIONAL DE MATERIA--TÉRMINO DE MATERIA |
| Descriptor |
Cómo desarrollamos los procesos pedagógicos en una escuela EIB |
| 9 (RLIN) |
49590 |
| 856 ## - LOCALIZACIÓN Y ACCESO ELECTRÓNICOS |
| Dirección electrónica |
www.minedu.gob.pe |
| 942 ## - ELEMENTOS DE PUNTO DE ACCESO ADICIONAL (KOHA) |
| Fuente de clasificación |
|
| Tipo de item |
Libros-BMC |
| 945 ## - PROCESAMIENTO DE INFORMACIÓN LOCAL (OCLC) |
| Catalogador |
pbj |
| AAAA-MM-DD - Fecha de ingreso o modificacion |
2024-04-19 |